Mystery Taylor Swift Song #24 - Statistics

General Stats
  • This quiz has been taken 1,290 times
    1,211 since last reset
  • The average score is 68 of 152
Answer Stats
Song % Correct
I
94%
a
93%
you
90%
me
87%
the
87%
love
80%
your
80%
in
79%
And
78%
be
78%
Speak Now
78%
to
78%
It
75%
on
74%
So
73%
do
72%
my
71%
when
71%
is
70%
I'm
69%
like
68%
of
67%
that
67%
where
67%
go
66%
this
66%
last
65%
can
64%
kiss
64%
never
64%
you're
64%
for
63%
know
63%
us
63%
don't
62%
How
61%
then
61%
I'll
60%
All
59%
have
59%
it's
59%
our
57%
are
56%
But
56%
not
56%
was
56%
why
56%
just
55%
did
54%
with
54%
at
52%
now
52%
thought
52%
up
50%
end
49%
Last Kiss
49%
look
49%
we'd
49%
face
47%
beat
46%
feel
46%
I'd
45%
off
45%
remember
45%
life
44%
lips
44%
loved
44%
still
44%
away?
43%
Away
43%
time
43%
day
42%
miss
42%
something
42%
them
42%
had
41%
imagined
41%
Ooh
41%
you'd
41%
forever
40%
heart
40%
name
40%
told
39%
used
39%
watch
39%
pictures
36%
sleep
36%
clothes
34%
eyes
34%
hands
34%
wearing
34%
ask
33%
breathe
33%
floor
33%
rain
33%
Sit
33%
Because
32%
forget
32%
friends
32%
recall
32%
old
31%
smell
31%
There's
31%
those
31%
through
31%
1:58
30%
Hope
30%
July
30%
keep
30%
middle
30%
saying
30%
again
29%
nice
28%
plan
28%
walk
28%
words
28%
Lit
27%
wish
27%
beautiful
26%
darkness
26%
mind
26%
pavement
26%
pockets
26%
sun
26%
whispered
26%
arms
25%
dancing
25%
father
25%
much
25%
ninth
25%
party
25%
ran
25%
rude
25%
shirt
25%
shines
24%
Fresh
23%
interruptions
23%
pull
23%
showing
23%
handshake
22%
meeting
22%
plane
22%
stayed
22%
reminds
21%
change
20%
jumps
20%
roll
20%
step
20%
weather
19%
changing
18%
planned
18%
swing
18%
No matching quizzes found
Score Distribution
Percent of People with Each Score
Percentile by Number Answered
Your Score History
You have not taken this quiz since the last reset